000 00437nam a2200181Ia 4500
001 1961
005 20260306143807.0
008 260306t2016||||xx |||||||||||||| ||spa||
041 _aESP
082 _a158.7
_bG45
100 _aGil Congote, Lina Marcela
_eAUT
245 0 _aPsicología, trabajo e individuación
260 _c2016
300 _a370 páginas :
_c24 cm.
650 _aGEN
654 _aCPS
942 _cLIB
_dJUS
_fJUS
_2ddc
_n
999 _c1961
_d1961